Divine Word missionaries: (Record no. 4898)

MARC details
000 -LEADER
fixed length control field 00679nam a22001937a 4500
003 - CONTROL NUMBER IDENTIFIER
control field OSt
005 - DATE AND TIME OF LATEST TRANSACTION
control field 20251016052725.0
008 - FIXED-LENGTH DATA ELEMENTS--GENERAL INFORMATION
fixed length control field 251016b |||||||| |||| 00| 0 eng d
020 ## - INTERNATIONAL STANDARD BOOK NUMBER
International Standard Book Number 978-971-510-337-4
040 ## - CATALOGING SOURCE
Original cataloging agency DWCL-Main lib
Transcribing agency OC
082 ## - DEWEY DECIMAL CLASSIFICATION NUMBER
Classification number Fil. 275.99 L429d 2025
100 ## - MAIN ENTRY--PERSONAL NAME
Personal name Layugan, Michael G.
245 ## - TITLE STATEMENT
Title Divine Word missionaries:
Remainder of title the first fifty years of SVD missionary engagements in the Philippines/
Statement of responsibility, etc. Michael G. Layugan
260 ## - PUBLICATION, DISTRIBUTION, ETC.
Place of publication, distribution, etc. Manila, Philippines:
Name of publisher, distributor, etc. Logos Publications, Inc.,
Date of publication, distribution, etc. c2025
300 ## - PHYSICAL DESCRIPTION
Extent 924 pages:
Other physical details illustrations;
Dimensions 21cm.
650 ## - SUBJECT ADDED ENTRY--TOPICAL TERM
Topical term or geographic name entry element 1. Catholic church.
650 ## - SUBJECT ADDED ENTRY--TOPICAL TERM
Topical term or geographic name entry element 2. Society of Divine Word.
942 ## - ADDED ENTRY ELEMENTS (KOHA)
Source of classification or shelving scheme Dewey Decimal Classification
Koha item type Book-Filipiniana
Call number prefix Fil.
Suppress in OPAC No
952 ## - LOCATION AND ITEM INFORMATION (KOHA)
--
952 ## - LOCATION AND ITEM INFORMATION (KOHA)
--
952 ## - LOCATION AND ITEM INFORMATION (KOHA)
--
Holdings
Withdrawn status Lost status Source of classification or shelving scheme Damaged status Not for loan Home library Current library Shelving location Date acquired Source of acquisition Total Checkouts Full call number Barcode Date last seen Copy number Price effective from Koha item type Uniform Resource Identifier
    Dewey Decimal Classification     Junior High School Library Junior High School Library Filipiniana 08/05/2025 School Fund   Fil. 275.99 L429d 2025 21497 10/16/2025 c1 10/16/2025 BK - FIL
    Dewey Decimal Classification     College Library Junior High School Library Filipiniana 08/05/2025 School Fund   Fil. 275.99 L429d 2025 54521 10/16/2025 c2 10/16/2025 BK - FIL
    Dewey Decimal Classification     College Library Junior High School Library Filipiniana 08/05/2025 School Fund   Fil. 275.99 L429d 2025 54522 10/16/2025 c2 10/16/2025 BK - FIL